| 000 | 00839cam a22002651 4500 | ||
|---|---|---|---|
| 001 | gs 30000100 | ||
| 003 | DLC | ||
| 005 | 20260227111334.0 | ||
| 008 | 780111s1930 xx 000 0 eng c | ||
| 010 | _ags 30000100 | ||
| 035 | _a(OCoLC)3552121 | ||
| 040 |
_aLibrary, U.S. Geological Survey _cOT _dDLC |
||
| 042 | _apremarc | ||
| 050 | 0 | 0 |
_aQE153 _b.A2 no. 48 |
| 100 | 1 |
_aFreie, Alvin John, _d1902- |
|
| 245 | 0 | 0 |
_aSedimentation in the Anadarko basin, _cby A. J. Freie. |
| 260 |
_aNorman, _c1930. |
||
| 300 |
_a80 p. incl. tables, diagrs. _bfold. diagr. _c24 cm. |
||
| 490 | 0 |
_aOklahoma. Geological survey. Bulletin _vno. 48 |
|
| 500 | _aDated January 1930. | ||
| 504 | _aBibliographical foot-notes. | ||
| 650 | 0 |
_aGeology _zOklahoma. |
|
| 650 | 0 | _aSedimentation and deposition. | |
| 740 | 0 | _aAnadarko basin, Sedimentation in the. | |
| 999 |
_c26783 _d26783 |
||